Comptabilité générale (Record no. 42027)

MARC details
000 -LEADER
fixed length control field 00576 a2200265 4500
037 ## - SOURCE OF ACQUISITION
Source of stock number/acquisition 2, Achat
037 ## - SOURCE OF ACQUISITION
Stock number DE 60179
037 ## - SOURCE OF ACQUISITION
Stock number DE 60180
020 ## - NUMERO INTERNATIONAL NORMALISE DES LIVRES
International Standard Book Number 2-04-011147-6
100 ## - VEDETTE PRINCIPALE - NOM DE PERSONNE
Personal name Cibert, A.
100 ## - VEDETTE PRINCIPALE - NOM DE PERSONNE
Language of a work Fr
260 ## - PUBLICATION, DISTRIBUTION, ETC. (IMPRINT)
Place of publication, distribution, etc Paris
260 ## - PUBLICATION, DISTRIBUTION, ETC. (IMPRINT)
Name of publisher, distributor, etc Dunod
245 ## - TITLE STATEMENT
Title Comptabilité générale
260 ## - PUBLICATION, DISTRIBUTION, ETC. (IMPRINT)
Date of publication, distribution, etc 1980
250 ## - EDITION STATEMENT
Edition statement 6e éd.
300 ## - PHYSICAL DESCRIPTION
Extent 450 p.
300 ## - PHYSICAL DESCRIPTION
Other physical details 24cm
440 ## - SERIES STATEMENT/ADDED ENTRY--TITLE
Title Collection "Université et Technique"
630 ## - SUBJECT ADDED ENTRY--UNIFORM TITLE
Uniform title 657 - Comptabilité
650 ## - SUBJECT ADDED ENTRY--TOPICAL TERM
Topical term or geographic name as entry element 6 - SCIENCES APPLIQUEES
650 ## - SUBJECT ADDED ENTRY--TOPICAL TERM
Topical term or geographic name as entry element Comptabilité
Holdings
Withdrawn status Lost status Damaged status Not for loan Location (home branch) Sublocation or collection (holding branch) Date acquired Koha issues (times borrowed) Koha full call number Koha date last seen Price effective from Koha item type
        Bibliothèque Universitaire Centrale Bibliothèque Universitaire Centrale 28/02/2009   657 CIB 28/02/2009 28/02/2009 Livre


© 2008, Bibliothèques de l'Université d'Abomey-Calavi

04 BP 789 Cotonou, Tél. : +229 21 36 01 01, Fax : +229 21 35 06 32

Courriel : bu@bu.uac.bj